000 00592cam a2200193u 4500
001 8257807
003 BD-DhUL
005 20161214160713.0
008 830613s1922 enkacfh 000 0 eng
010 _a 22020657
040 _aDLC
_cCarP
_dDLC
_dBD-DhUL
082 _a655.14257
_bOXS
110 2 _aOxford University Press.
245 0 0 _aSome account of the Oxford university press, 1468-1921 /
_cOxford University Press.
260 _aOxford :
_bAt the Clarendon,
_c1922.
300 _a111 p. :
_bill. ;
_c24 cm.
906 _a0
_bcbc
_cpremunv
_du
_encip
_f19
_gy-gencatlg
942 _2ddc
_cBK
999 _c135383
_d135383